00942nam a22002417a 450000500170000000800410001704100080005804400070006608200110007309000070008424500250009126000780011630000380019450501170023254600270034965000530037665000280042970000320045770000360048994200150052599900150054095201450055520140606125155.0140606b xxu||||| |||| 00| 0 spa d aspa aec04a986.90 aFG00aComunidad Tsáchila aQuito, (Ecuador)bInstituto Ecuatoriano de la Propiedad Intelectualc2014 a13 p.bfot, color, realiac30 cm. aPoblación y organización social. Relación con la naturaleza Prácticas lúdicas Prácticas alimenticias aEn Español y Tsafiqu 6aIndígenas de Ecuadorxvida y costumbres924351 6aCultura tsachila9243520 aAviles, Manuelefot.9243530 aCalazacón, Henrryetr.924354 2zcFolleto c8471d8471 00102z40708GENERALIINV2017aBogotabBogotad2014-06-06l0oFG-0010p038084r2014-06-06 00:00:00tEj. 1w2014-06-06xDonaciónyFolleto